|
|
|
|
| LEADER |
01333nam a2200361Ia 4500 |
| 001 |
EBC958466 |
| 003 |
MiAaPQ |
| 005 |
20200520144314.0 |
| 006 |
m o d | |
| 007 |
cr cn||||||||| |
| 008 |
120309s2012 enka sb 001 0 eng d |
| 020 |
|
|
|z 9780415685054
|
| 020 |
|
|
|z 9781136494611
|
| 035 |
|
|
|a (MiAaPQ)EBC958466
|
| 035 |
|
|
|a (Au-PeEL)EBL958466
|
| 035 |
|
|
|a (CaPaEBR)ebr10535125
|
| 035 |
|
|
|a (CaONFJC)MIL346168
|
| 035 |
|
|
|a (OCoLC)798531204
|
| 040 |
|
|
|a MiAaPQ
|c MiAaPQ
|d MiAaPQ
|
| 050 |
|
4 |
|a HB172.5
|b .O58 2012
|
| 100 |
1 |
|
|a Olsson, Ola.
|
| 245 |
1 |
0 |
|a Essentials of advanced macroeconomic theory
|h [electronic resource] /
|c Ola Olsson.
|
| 260 |
|
|
|a London ;
|a New York :
|b Routledge,
|c 2012.
|
| 300 |
|
|
|a xiii, 172 p. :
|b ill.
|
| 490 |
1 |
|
|a Routledge advanced texts in economics and finance ;
|v 17
|
| 504 |
|
|
|a Includes bibliographical references and index.
|
| 533 |
|
|
|a Electronic reproduction. Ann Arbor, MI : ProQuest, 2015. Available via World Wide Web. Access may be limited to ProQuest affiliated libraries.
|
| 650 |
|
0 |
|a Macroeconomics.
|
| 650 |
|
0 |
|a Economics.
|
| 655 |
|
4 |
|a Electronic books.
|
| 710 |
2 |
|
|a ProQuest (Firm)
|
| 830 |
|
0 |
|a Routledge advanced texts in economics and finance ;
|v 17.
|
| 856 |
4 |
0 |
|u https://ebookcentral.proquest.com/lib/matrademy/detail.action?docID=958466
|z Click to View
|